Normal view
MARC view
- القانون الدولي -- القوانين الوضعية - الأردن
Entry Topical Term
001 - CONTROL NUMBER
- control field: 11675
003 - CONTROL NUMBER IDENTIFIER
- control field: JO-AjAnu
005 - DATE AND TIME OF LATEST TRANSACTION
- control field: 20230606072155.0
008 - FIXED-LENGTH DATA ELEMENTS
- fixed length control field: 230606|| aca||aabn | a|a d
040 ## - CATALOGING SOURCE
- Original cataloging agency: JO-AjAnu
- Transcribing agency: JO-AjAnu
150 ## - HEADING--TOPICAL TERM
- Topical term or geographic name entry element: القانون الدولي -- القوانين الوضعية - الأردن
670 ## - SOURCE DATA FOUND
- Source citation: Work cat.: (JO-AjAnu)6015: الهداوي ، حسن , author 11674, القانون الدولي الخاص : تنازع القوانين ، المبادئ العامة والحلول الوضعية في القانون الأردني " دراسة مقارنة "